000
00260nam a2200109Ia 4500
008
210107s9999 xx 000 0 und d
100
_a
Ubarov, E B
245
2
_a
A Dictionary of Science
260
_a
Harmondsworth
_b
Penguin Books
300
_a
488
942
_c
BK
999
_c
11307
_d
11307